000 00292nam a2200133Ia 4500
005 20260326235442.0
008 260326s9999||||xx |||||||||||||| ||und||
100 _aFrings, Paul
245 0 _aParacuaria /
_cPaul Frings
260 _bElnain
300 _a132 p.
650 _aARTE
942 _cBK
999 _c7439
_d7439